LDR 00792naa#a2200169#i#450# 001 RU\\bibl\122855 005 20260514015922.4 011 ## _a2073-4018 100 ## _a20260508b2026####ek#y0rusy0150####ca 102 ## _aRU 200 1# _aАнализ динамики российского производства сливочного масла и спредов _eЖурнальная статья 210 1# _aКемерово _cКемеровский государственный университет _d2026 215 ## _a7 с. 608 ## _aЖурнальная статья _2local 675 ## _aСельское хозяйство. Лесное хозяйство. Охота. Рыбное хозяйство. 63 _z 700 #1 _aГорощенко _gЛюдмила Глебовна 856 4# _amoloprom.kemsu.ru _u